000 00504nam a2200181Ia 4500
003 GCL
008 140319s9999 xx 000 0 ara d
040 _aGCL /
_cGCL
082 0 4 _a813.01
_bم ش
100 1 _aمحمد عبدالسلام العمرى
245 1 0 _aشمس بيضاء /
_cمحمد عبدالسلام العمرى
300 _a141 ص
490 _aمختارات فصول
_v0
650 0 4 _aالادب
650 0 4 _aالقصص
650 0 4 _aالقصص الادبية
942 _2ddc
_cBK
999 _c47111
_d47111